| 000 | 00630nam a2200217 i 4500 | ||
|---|---|---|---|
| 001 | 98123 | ||
| 003 | ES-MaACL | ||
| 005 | 20250829112159.0 | ||
| 007 | t| | ||
| 008 | 050726s1971 sp ||||1| spa d | ||
| 100 | 1 |
_aMarsal, Maurice. _977105 |
|
| 245 | 1 | 3 |
_aLa autoridad / _cpor Maurice Marsal; [traducción de Rafael M. Bofill]. |
| 250 | _a[1ª ed.]. | ||
| 260 |
_aBarcelona : _bOikos-Tau, _c1971. |
||
| 300 |
_a123 p. ; _c18 cm. |
||
| 490 | 1 |
_a¿Qué sé? ; _v45 |
|
| 700 | 1 |
_aBofill, Rafael M. _929780 |
|
| 830 | 0 |
_a¿Qué sé? _v45 _9181382 |
|
| 852 |
_aES-MaACL _jC-44903 _bR.78394 |
||
| 999 |
_c98123 _d98123 |
||